| 000 | 01139 am a2200385 a 4500 | ||
|---|---|---|---|
| 005 | 20231213085118.0 | ||
| 008 | 100330s1999||||ag a f |||| 001 0 spa d | ||
| 020 | _a9500620383 | ||
| 041 | _aspa | ||
| 092 |
_c611.8 _l79 _sSNE |
||
| 100 | 1 |
_aSnell, Richard S. _9351 |
|
| 245 |
_aNeuroanatomía Clínica / _cRichard S. Snell. |
||
| 250 | _a4a ed. | ||
| 260 |
_aBuenos Aires: _bEditorial Médica Panamericana; _c1999. |
||
| 300 |
_a636 p. _bil. |
||
| 500 | _aSnell, R. S. (1999). Neuroanatomía clínica. (4a ed.). Buenos Aires : Editorial Médica Panamericana. | ||
| 590 | _aInventario 468 ej.1. Faltante. | ||
| 653 | _aEstructura del Sistema Nervioso | ||
| 653 | _aPrincipales vías nerviosas que conectan las diferentes estructuras del Sistema Nervioso | ||
| 653 | _aMeninges y la irrigación del Encéfalo y el desarrollo del Sistema Nervioso Central | ||
| 930 | _a904 | ||
| 930 | _a594 | ||
| 930 | _a593 | ||
| 930 | _a592 | ||
| 930 | _a591 | ||
| 930 | _a590 | ||
| 930 | _a589 | ||
| 930 | _a588 | ||
| 930 | _a587 | ||
| 930 | _a586 | ||
| 930 | _a585 | ||
| 930 | _a470 | ||
| 930 | _a469 | ||
| 942 |
_2ddc _cBK |
||
| 999 |
_c202 _d202 |
||